Logo BPK

Biblioteka

Politechniki Koszalińskiej

Studien zur Antinomie von Intelekt und Gefühl : (Rekord nr 50334)

Szczegóły MARC
000 -ETYKIETA REKORDU
podpole kontrolne o stałej długości 00729nam a2200217 i 4500
001 - NUMER KONTROLNY REKORDU
pole kontrolne bgj
040 ## - ŹRÓDŁO KATALOGOWANIA
Instytucja, która utworzyła rekord BPK
041 0# - KOD JĘZYKA
Kod języka tekstu ger
044 ## - KOD KRAJU WYDAWCY/PRODUCENTA
Kod kraju wydawcy/producenta DEU
080 ## - UNIWERSALNA KLASYFIKACJA DZIESIĘTNA - UKD
UKD 821.112.2
008 - POLE O STAŁEJ DŁUGOŚCI - DANE KONTROLNE
podpole kontrolne o stałej długości s gw f |000 0 ger
100 1# - NAZWA OSOBOWA
Nazwa osobowa REINHARDT, Stephan.
245 10 - TYTUŁ/ODPOWIEDZIALNOŚĆ
Tytuł Studien zur Antinomie von Intelekt und Gefühl :
Ciąg dalszy tytułu in Musils Roman "Der Mann ohne Eingeschaften" /
Pozostałe elementy strefy tytułu i oznaczenia odpowiedzialności Stephan Reinhardt.
260 ## - STREFA ADRESU WYDAWNICZEGO
Miejsce wydania Bonn :
Nazwa wydawcy/dystrybutora H. Bouvier und Co. Verlag,
Data publikacji, dystrybucji/powstania dokumentu 1969.
300 ## - STREFA OPISU FIZYCZNEGO
Objętość 208 s. ;
Rozmiary 23 cm.
490 1# - STREFA SERII I DOKUMENTU WIELOCZĘŚCIOWEGO - FORMA NIE DO WYSZUKIWANIA
Tytuł i oznaczenie odpowiedzialności serii Abhandlungen zur Kunst-, Musik- und Literaturwissenschaft
Numeracja w obrębie serii Bd. 80
504 ## - UWAGA DOTYCZĄCA BIBLIOGRAFII
Informacje o bibliografii Bibliogr. s. 197-206. Indeks.
650 9# - HASŁO PRZEDMIOTOWE W FORMIE NAZWY OGÓLNEJ LUB JEDNOSTKOWEJ
Nazwa ogólna lub geograficzna Literatura niemiecka
830 ## - HASŁO DODATKOWE SERII LUB DOKUMENTU WIELOCZĘŚCIOWEGO - TYTUŁ UJEDNOLICONY
Tytuł ujednolicony Abhandlungen zur Kunst-, Musik- und Literaturwissenschaft
856 ## - LOKALIZACJA I DOSTĘP DO ELEKTRONICZNYCH DOKUMENTÓW ZDALNYCH
Link (URL) http://koha.tu.koszalin.pl/cgi-bin/koha/opac-detail.pl?biblionumber=50334
Tekst linku Katalog online BPK
942 ## - DODATKOWE ELEMENTY (KOHA)
Typ dokumentu Książka
Egzemplarze
Wycofany Status egzemplarza Uszkodzony Dostępność Lokalizacja stała Lokalizacja bieżąca Miejsce przechowywania Sygnatura Kod kreskowy Typ dokumentu
      Tylko na miejscu Biblioteka Politechniki Koszalińskiej Biblioteka Politechniki Koszalińskiej Czytelnia Wydziałowa ul. Kwiatkowskiego 6e N 228 02121758 Książka
© 2023 Biblioteka Politechniki Koszalińskiej :: KOHA